000 00687cam a2200241 a 4500
008
020 _a1846287650 (pbk.)
049 _aMAIN
090 _aQA76.9
_bBRA
100 1 _aBramer, Max.
245 1 0 _aPrinciples of data mining /
_cMax Bramer.
260 _aLondon :
_bSpringer,
_c2007.
300 _ax, 343 p. :
_bill. ;
_c24 cm.
440 0 _aUndergraduate topics in computer science.
500 _aIncludes index.
504 _aIncludes bibliographical references.
650 0 _aData mining.
907 _a.b10278710
_b21-06-10
_c15-06-10
003
005 20230123125025.0
040 _cNUST
942 _cBOOKS
_kQA76.9
_mBRA
999 _c134379
_d134379